<?xml version="1.0" encoding="UTF-8"?>
<marc:record xmlns:marc="http://www.loc.gov/MARC21/slim">
   <marc:leader>00000nam a2200000 a 4500</marc:leader>
   <marc:datafield ind1="1" ind2=" " tag="100">
      <marc:subfield code="a">Dannenberg, Marius</marc:subfield>
      <marc:subfield code="4">aut</marc:subfield>
      <marc:subfield code="e">Verfasser/-in</marc:subfield>
   </marc:datafield>
   <marc:datafield ind1="1" ind2=" " tag="100">
      <marc:subfield code="a">Hafner, Matthias</marc:subfield>
      <marc:subfield code="4">aut</marc:subfield>
      <marc:subfield code="e">Verfasser/-in</marc:subfield>
   </marc:datafield>
   <marc:datafield ind1=" " ind2=" " tag="653">
      <marc:subfield code="a">Ökologie</marc:subfield>
   </marc:datafield>
   <marc:datafield ind1=" " ind2=" " tag="653">
      <marc:subfield code="a">Geothermie</marc:subfield>
   </marc:datafield>
   <marc:datafield ind1=" " ind2=" " tag="653">
      <marc:subfield code="a">Windkraft</marc:subfield>
   </marc:datafield>
   <marc:datafield ind1=" " ind2=" " tag="653">
      <marc:subfield code="a">Wasserkraft</marc:subfield>
   </marc:datafield>
   <marc:datafield ind1=" " ind2=" " tag="653">
      <marc:subfield code="a">Biomasse</marc:subfield>
   </marc:datafield>
   <marc:datafield ind1=" " ind2=" " tag="653">
      <marc:subfield code="a">Energie</marc:subfield>
   </marc:datafield>
   <marc:datafield ind1=" " ind2=" " tag="653">
      <marc:subfield code="a">Energietechnik</marc:subfield>
   </marc:datafield>
   <marc:datafield ind1=" " ind2=" " tag="653">
      <marc:subfield code="a">Umwelt</marc:subfield>
   </marc:datafield>
   <marc:datafield ind1=" " ind2=" " tag="653">
      <marc:subfield code="a">Solarenergie</marc:subfield>
   </marc:datafield>
   <marc:datafield ind1="0" ind2="0" tag="245">
      <marc:subfield code="a">Energien der Zukunft</marc:subfield>
   </marc:datafield>
   <marc:datafield ind1="0" ind2="0" tag="245">
      <marc:subfield code="b">Sonne - Wind - Wasser - Biomasse - Geothermie</marc:subfield>
   </marc:datafield>
   <marc:datafield ind1="0" ind2="0" tag="245">
      <marc:subfield code="c">Marius Dannenberg ; Admir Duracak ; Matthias Hafner ; Steffen Kitzing</marc:subfield>
   </marc:datafield>
   <marc:datafield ind1=" " ind2="1" tag="264">
      <marc:subfield code="a">Darmstadt</marc:subfield>
      <marc:subfield code="b">Primus-Verl.</marc:subfield>
      <marc:subfield code="c">2012</marc:subfield>
   </marc:datafield>
   <marc:datafield ind1="1" ind2=" " tag="520">
      <marc:subfield code="a">Ein umfassender Überblick über erneuerbare Energien. (NT)      Abseits der angesichts der Verknappung herkömmlicher Energiereserven wachsenden vorbehaltlosen Euphorie über den Segen der erneuerbaren Energien versuchen die Autoren des vorliegenden Bandes, die derzeit nutzbaren regenerativen Energien auf technisch-wirtschaftlich fundierter Basis und auch mit ihrem jeweiligen Für und Wider vorzustellen. Zunächst führen die Autoren sämtliche derartige Energiequellen auf die drei Primärquellen Kernfusion der Sonne, Isotopenzerfall im Erdinneren und Gravitation der Himmelskörper und somit auf eine handliche Anzahl physikalisch-mathematischer Grundgesetze zurück. Diese erläutern und rechnen die Autoren bis ins letzte Detail vor.  Auf dieses theoretische Rüstzeug aufbauend, präsentieren die Autoren die vielfältigen Möglichkeiten zur praktischen Realisierung von Transformatoren dieser Primärquellen in die für uns nutzbaren Sekundärquellen Strom und Wärme und decken dabei die gesamte Bandbreite von Sonnenkollektoren, über Wind- und Wasserkraftwerke bis hin zu Biomasse- und geothermischen Kraftwerken ab. Auch hier stellen die Autoren zahlreiche technische und wirtschaftliche Berechnungen an, erklären die oft komplizierten technischen Vorgänge aber sehr anschaulich und unter Verwendung von Schaltplänen, schematischen Zeichnungen und Tabellen. Ein Glossar und umfangreiche Quellen-, Literatur- und Adressverzeichnisse runden das Werk ab. Für Menschen, die sich bezüglich Energien der Zukunft kein X für ein U vormachen lassen wollen!  *bn* Simone Klein</marc:subfield>
   </marc:datafield>
   <marc:datafield ind1=" " ind2=" " tag="020">
      <marc:subfield code="a">9783863123222</marc:subfield>
      <marc:subfield code="9">9783863123222</marc:subfield>
   </marc:datafield>
   <marc:datafield ind1=" " ind2=" " tag="041">
      <marc:subfield code="a">ger</marc:subfield>
   </marc:datafield>
   <marc:datafield ind1=" " ind2=" " tag="300">
      <marc:subfield code="a">184 S. : Ill., graph</marc:subfield>
   </marc:datafield>
</marc:record>
